01267nam a22001937a 4500008004100000020001500041050001500056245004800071250001200119260005100131300003700182440003500219500006200254505068700316650002401003650001401027650001201041700002001053120815t xxu||||| |||| 00| 0 eng d a0130626457 aQ161.2.S41 aPhysical science. /cFrank, David V. et al. a2nd ed. aNeedham, Massachusetts:bPrentice Hall,c2002. axx, 796 p.:bill. (col.);c27cm. aPrentice Hall Science Explorer aIncludes skills handbook, appendices, glossary and index. aContents: Unit 1: Chemical building blocks- Introduction to matter -- Solids, liquids, and gases -- Atoms and the periodic table -- Chemical bonds -- Unit 2: Chemistry in action- Chemical reactions -- Acids, bases and solutions -- Carbon chemistry -- Exploring materials -- Unit 3: Motion, forces, and energy- Motion -- Forces -- Forces in fluids -- Work and machines -- Energy and power -- Thermal energy and heat -- Unit 4: Sound and light- Characteristics of waves -- Sound -- The electromagnetic spectrum -- Light -- Unit 5: Electricity and magnetism- Magnetism and electromagnetism -- Electric charges and current -- Electricity and magnetism at work -- Electronics --  bIntegrated Science. bChemistry bPhysics aFrank, David V.